Heimtrikots Fußball-Weltmeisterschaft 2026 - Statistiken

Allgemein
  • Dieses Quiz wurde 21 mal gespielt
  • Das Durchschnittsergebnis liegt bei 24 aus 48
Antwortstatistiken
Bildquiz Antwort % Korrekt
Norwegen
90%
Argentinien
80%
Kroatien
80%
Deutschland
75%
Schweden
75%
Spanien
75%
Brasilien
70%
Frankreich
70%
Niederlande
70%
Türkei
70%
Elfenbeinküste
65%
Kolumbien
65%
Portugal
65%
Australien
60%
Belgien
60%
England
60%
Mexiko
60%
Uruguay
60%
Japan
55%
Kanada
55%
USA
55%
Katar
50%
Marokko
50%
Schottland
50%
Schweiz
50%
Ägypten
45%
Österreich
45%
Paraguay
45%
Senegal
45%
Algerien
40%
Ghana
40%
Irak
35%
Iran
35%
Südafrika
35%
Südkorea
35%
Bosnien und Herzegowina
30%
Curacao
30%
DR Kongo
30%
Ecuador
30%
Haiti
30%
Jordanien
30%
Kap Verde
30%
Neuseeland
30%
Panama
30%
Saudi-Arabien
30%
Tunesien
30%
Usbekistan
25%
Tschechien
20%
Keine übereinstimmenden Quizze gefunden
Verteilung der Resultate
Anzahl Personen mit jedem Resultat
Perzentil nach korrekt beantworteten Fragen
Ihre Resultats-Entwicklung
Sie haben dieses Quiz noch nicht gespielt